| 000 | 00431nam a22001817a 4500 | ||
|---|---|---|---|
| 003 | NUST - PNEC | ||
| 005 | 20170116180859.0 | ||
| 008 | 150901b xxu||||| |||| 00| 0 eng d | ||
| 020 | _a- | ||
| 040 | _cLIBRARY | ||
| 082 | _a539.7 KAP | ||
| 100 |
_96196 _aKaplar, Irving |
||
| 245 |
_aNuclear physics _cIrving Kaplar |
||
| 250 | _aSecond Edition | ||
| 260 | _cc.1972 | ||
| 650 |
_96198 _aNuclear physics _xME |
||
| 942 |
_2ddc _cBK |
||
| 999 |
_c64902 _d64902 |
||